| 000 | 00590nam a22001937a 4500 | ||
|---|---|---|---|
| 003 | NUST | ||
| 005 | 20230320124118.0 | ||
| 008 | 190720b ||||| |||| 00| 0 eng d | ||
| 020 | _qHardcover. | ||
| 038 | _aAttaullah. | ||
| 082 | _a658 | ||
| 100 |
_aYusuf, Maryam Osman _918200 |
||
| 245 |
_aOrganizational Fitness Profiling and its Application in the Public Sector of Pakistan _cMaryam Osman Yusuf. |
||
| 260 |
_aIslamabad : _bNBS - NUST, _c2012. |
||
| 300 |
_a64 p. : ill. ; _c30cm. |
||
| 650 |
_aMBA Thesis. _917629 |
||
| 700 |
_aDr. Hina Jawaid Kalyal. _918201 |
||
| 942 |
_2ddc _cTHE |
||
| 999 |
_c527101 _d527101 |
||